N° 1 draft NBA - Statistiques

Statistiques générales
  • Ce quiz a été pris 2 289 fois
  • Le résultat moyen est 15 sur 73
Statistiques - réponses
Réponse % Correct
03 LeBron James
93%
19 Zion Williamson
68%
11 Kyrie Irving
59%
92 Shaquille O'Neal
56%
84 Akeem Olajuwon
55%
16 Ben Simmons
53%
96 Allen Iverson
52%
97 Tim Duncan
52%
08 Derrick Rose
51%
18 DeAndre Ayton
50%
14 Andrew Wiggins
48%
15 Karl-Anthony Towns
46%
17 Markelle Fultz
46%
79 Magic Johnson
45%
13 Anthony Bennett
43%
12 Anthony Davis
43%
87 David Robinson
41%
91 Larry Johnson
41%
94 Glenn Robinson
40%
09 Blake Griffin
39%
07 Greg Oden
38%
66 Cazzie Russell
33%
04 Dwight Howard
32%
10 John Wall
28%
85 Patrick Ewing
28%
02 Yao Ming
26%
01 Kwame Brown
23%
60 Oscar Robertson
20%
05 Andrew Bogut
18%
06 Andrea Bargnani
17%
93 Chris Webber
15%
69 Lew Alcindor
15%
74 Bill Walton
12%
82 James Worthy
12%
75 David Thompson
11%
58 Elgin Baylor
11%
00 Kenyon Martin
11%
78 Mychal Thompson
11%
95 Joe Smith
10%
72 LaRue Martin
10%
98 Michael Olowokandi
10%
99 Elton Brand
8%
56 Sihugo Green
8%
68 Elvin Hayes
7%
83 Ralph Sampson
7%
70 Bob Lanier
4%
86 Brad Daugherty
4%
90 Derrick Coleman
4%
67 Jimmy Walker
4%
71 Austin Carr
3%
88 Danny Manning
3%
73 Doug Collins
3%
64 Jim Barnes
3%
80 Joe Barry Carroll
3%
76 John Lucas
3%
81 Mark Aguirre
3%
89 Pervis Ellison
3%
61 Walt Bellamy
3%
48 Andy Tonkovich
2%
62 Bill McGill
2%
59 Bob Boozer
2%
50 Charlie Share
2%
47 Clifton McNeely
2%
65 Fred Hetzel
2%
51 Gene Melchiorre
2%
49 Howie Shannon
2%
77 Kent Benson
2%
52 Mark Workman
2%
53 Ray Felix
2%
63 Art Heyman
1%
55 Dick Ricketts
1%
54 Frank Selvy
1%
57 Rod Hundley
1%
Aucun quiz correspondant
Distribution des résultats
% des personnes avec chaque résultat
Percentile par nombre de réponses
Votre historique - résultats
Vous n’avez pas pris ce quiz